Nabi Isa naik ke langit

Bibliographic Details
Main Author: Syalabiy, Saad Ismail
Format: Book
Published: Cairo : Dar Al-Fikir Al-Arabi , 1995
Series:Siri pendidikan Al Quran untuk kanak-kanak
Subjects:

MARC

LEADER 00000cam a2200000 7i4500
001 0000006648
002 000007170
005 20000330.0
020 |a 9836233326 
090 0 0 |a 297.122   |b SYA 
100 1 |a Syalabiy, Saad Ismail 
245 1 0 |a Nabi Isa naik ke langit   |c Saad Ismail Syalabiy ; penterjemah Azmi Daud 
260 |a Cairo :   |b Dar Al-Fikir Al-Arabi ,   |c 1995 
300 |a 33p. ;   |c 23cm. 
490 0 |a Siri pendidikan Al Quran untuk kanak-kanak 
650 0 0 |a Islamic stories, Malay 
999 |a 039915   |b BUKU   |c PINJAMAN   |e PERPUSTAKAAN KOMUNITI PETALING JAYA 
999 |a 039916   |b BUKU   |c PINJAMAN   |e PERPUSTAKAAN KOMUNITI PETALING JAYA 
999 |a 054948   |b BUKU   |c JUNIOR BOOKS   |e PERPUSTAKAAN KOMUNITI CAW KOTA DAMANSARA